000 00672nam a2200277Ia 4500
005 20260324115301.0
008 008 260324s9999 xx 000 0 eng d
020 _a9780429449437
037 _aEBOOK
040 _aCRL
040 _beng
040 _cCRL
041 _2eng
041 _aeng
084 _qCRL
100 _aTapan Kumar Giri; Bijaya Ghosh
_91154074
245 0 _aPolysaccharide based Nano-Biocarrier in Drug Delivery
260 _bTaylor and Francis
260 _c2018
365 _a
365 _b400
856 _uhttp://www.taylorfrancis.com/books/9780429449437
942 _cEBOOK
999 _c1744837
_d1744837